000 00275nam a22001217a 4500
008 170615b xxu||||| |||| 00| 0 eng d
041 _aeng
080 _a94(100)
100 _a19
101 _aSHH
245 _aCONSERVATIVE PARTY 1918 1970
_cLINDSAY.T.F
942 _2udc
_cBK
999 _c17440
_d17440